Berni de la Vega monstruos : (Record no. 603)
[ view plain ]
| 000 -LEADER | |
|---|---|
| campo de control de longitud fija | 01288cam a22003254a 4500 |
| 001 - NÚMERO DE CONTROL | |
| campo de control | 13579164 |
| 005 - FECHA Y HORA DE LA ÚLTIMA TRANSACCIÓN | |
| campo de control | 20220326193323.0 |
| 008 - DATOS DE LONGITUD FIJA--INFORMACIÓN GENERAL | |
| campo de control de longitud fija | 040426s2004 ag a bc 000 0 spa |
| 010 ## - NÚMERO DE CONTROL DE LA BIBLIOTECA DEL CONGRESO | |
| Número de control de LC | 2004423128 |
| 020 ## - NÚMERO INTERNACIONAL ESTÁNDAR DEL LIBRO | |
| Número Internacional Estándar del Libro | 9879767780 |
| 035 ## - NÚMERO DE CONTROL DEL SISTEMA | |
| Número de control de sistema | (CVcHKB)kb2001072010 |
| 040 ## - FUENTE DE CATALOGACIÓN | |
| Centro catalogador/agencia de origen | DLC |
| Centro/agencia transcriptor | DLC |
| Centro/agencia modificador | DLC |
| 041 0# - CÓDIGO DE IDIOMA | |
| Código de lengua del texto/banda sonora o título independiente | spa |
| -- | eng |
| 042 ## - CÓDIGO DE AUTENTICACIÓN | |
| Código de autenticación | pcc |
| 082 ## - NÚMERO DE LA CLASIFICACIÓN DECIMAL DEWEY | |
| Número de clasificación | 708 |
| Número de ítem | B 528b |
| 245 00 - MENCIÓN DEL TÍTULO | |
| Título | Berni de la Vega monstruos : |
| Resto del título | noviembre 2003-febrero 2004, Buenos Aires, Argentina. |
| 260 ## - PUBLICACIÓN, DISTRIBUCIÓN, ETC. | |
| Lugar de publicación, distribución, etc. | Buenos Aires, Argentina : |
| Nombre del editor, distribuidor, etc. | MALBA, |
| Fecha de publicación, distribución, etc. | [2004] |
| 300 ## - DESCRIPCIÓN FÍSICA | |
| Extensión | 66 p. : |
| Otras características físicas | col. ill. ; |
| Dimensiones | 21 cm. |
| 500 ## - NOTA GENERAL | |
| Nota general | "Colección Costantini." |
| 504 ## - NOTA DE BIBLIOGRAFÍA, ETC. | |
| Nota de bibliografía, etc. | Includes bibliographical references. |
| 546 ## - NOTA DE IDIOMA | |
| Nota de lengua/lenguaje | Spanish and English. |
| 600 10 - PUNTO DE ACCESO ADICIONAL DE MATERIA--NOMBRE DE PERSONA | |
| Nombre de persona | Berni, Antonio, |
| Fechas asociadas al nombre | 1905-1981 |
| Subdivisión de forma | Exhibitions. |
| 9 (RLIN) | 2697 |
| 600 10 - PUNTO DE ACCESO ADICIONAL DE MATERIA--NOMBRE DE PERSONA | |
| Nombre de persona | Vega, Jorge de la, |
| Fechas asociadas al nombre | 1930-1971 |
| Subdivisión de forma | Exhibitions. |
| 9 (RLIN) | 2698 |
| 650 #0 - PUNTO DE ACCESO ADICIONAL DE MATERIA--TÉRMINO DE MATERIA | |
| Término de materia o nombre geográfico como elemento de entrada | Monsters in art |
| Subdivisión de forma | Exhibitions. |
| Subdivisión general | Berni, Antonio. 1905-1981-Exhibiciones |
| -- | Vega, Jorge de la-1930-1971-Exhibiciones |
| -- | Monstrous en el arte-Exhibiciones |
| -- | Arte moderno |
| Subdivisión geográfica | Argentina |
| 9 (RLIN) | 2699 |
| 700 1# - ENTRADA AGREGADA--NOMBRE PERSONAL | |
| Nombre de persona | Berni, Antonio, |
| Fechas asociadas al nombre | 1905- |
| 9 (RLIN) | 2700 |
| 700 1# - ENTRADA AGREGADA--NOMBRE PERSONAL | |
| Nombre de persona | Vega, Jorge de la, |
| Fechas asociadas al nombre | 1930-1971. |
| 9 (RLIN) | 2701 |
| 710 2# - ENTRADA AGREGADA--NOMBRE DE ENTIDAD CORPORATIVA | |
| Nombre de entidad corporativa o nombre de jurisdicción como elemento de entrada | Museo de Arte Latinoamericano de Buenos Aires. |
| 9 (RLIN) | 2702 |
| 906 ## - ELEMENTOS DE DATOS F LOCAL, LDF (RLIN) | |
| a | 7 |
| b | cbc |
| c | origres |
| d | 3 |
| e | ncip |
| f | 20 |
| g | y-gencatlg |
| Estatus retirado | Estado de pérdida | Fuente del sistema de clasificación o colocación | Estado de daño | No para préstamo | Biblioteca de origen | Biblioteca actual | Ubicación en estantería | Fecha de adquisición | Total de préstamos | Signatura topográfica completa | Código de barras | Visto por última vez | Precio de reemplazo | Tipo de ítem Koha |
|---|---|---|---|---|---|---|---|---|---|---|---|---|---|---|
| Clasificación Decimal Dewey | Biblioteca LadoV | Biblioteca LadoV | 15/05/2015 | 708 B 528b | 000690 | 15/05/2015 | 15/05/2015 | Material 01 |
